| 000 | 00530nam a22001817a 4500 | ||
|---|---|---|---|
| 999 |
_c8650 _d8650 |
||
| 003 | GBCCL | ||
| 005 | 20241126110655.0 | ||
| 008 | 210713b ||||| |||| 00| 0 eng d | ||
| 040 | _cgbc | ||
| 082 |
_a248.32 _bUNK |
||
| 100 |
_aUnknown Christian _97795 |
||
| 245 |
_aA khupdin Khristian: _ba kneeling Christian / _ctranslated by Pastor M Kamneithang Zou |
||
| 260 |
_aLamka: _bT Douminlian Zou and family, _c2020 |
||
| 300 | _a140p. ; | ||
| 650 |
_aPrayer _vChristianity _99341 |
||
| 650 |
_aChristian life _9183 |
||
| 942 |
_2ddc _cBK |
||